000 00732nam a22002177a 4500
003 UA-OsUOA
001 45738
007 ta
008 20070510b un ||||| |||| 00| 0 ukr d
100 _aНовікова І.
090 _a330(477)
_bН-11
942 _cSA
040 _aUA-OsUOA
_bukr
_cUA-OsUOA
_dUA-OsUOA
245 _aРозрока теоретичних засад розвитку кредитно-банківської системи в працях українських економістів (друга половина ХІХ - початок ХХ ст.)
300 _aС.57-65
955 _a0
041 _aukr
080 _a330(477)
773 0 _w45735
650 7 _a330 Економіка взагалі
_2UDC
999 _c331833
_d331833